[Event "SVK-ch U10"]
[Site "Liptovsky Mikulas"]
[Date "2019.04.23"]
[Round "1"]
[White "Kusy, Adam"]
[Black "Kluska, Lukas"]
[Result "1-0"]
[WhiteElo "1211"]
[BlackElo "1000"]
[PlyCount "151"]
[EventDate "2019.04.23"]
[EventType "swiss"]
[EventRounds "9"]
[EventCountry "SVK"]
[SourceTitle "CBM 190 Extra"]
[Source "ChessBase"]
[SourceDate "2019.07.15"]
[SourceVersion "1"]
[SourceVersionDate "2019.07.15"]
[SourceQuality "1"]

1. e4 e5 2. d4 d5 3. dxe5 dxe4 4. Qxd8+ Kxd8 5. Nc3 Nc6 6. Bg5+ f6 7. exf6 gxf6 8. Bxf6+ Nxf6 9. 0-0-0+ Nd4 10. Rxd4+ Ke8 11. Nxe4 Nxe4 12. Rxe4+ Kd7 13. Nf3 Bh6+ 14. Kb1 Re8 15. Rd4+ Kc6 16. Rd1 Be6 17. Nd4+ Kb6 18. Nxe6 Rxe6 19. Bc4 Rf6 20. f3 Rf4 21. Rhe1 Rxc4 22. Re6+ c6 23. Rxh6 Rg8 24. g3 Re8 25. Rxh7 Re2 26. Rh4 Rcxc2 27. Rb4+ Kc5 28. Rxb7 Rxh2 29. Rb3 Rcf2 30. Rg1 Kd4 31. g4 Rhg2 32. Rxg2 Rxg2 33. a3 a5 34. Rc3 c5 35. Rc2 Rg1+ 36. Rc1 Rg2 37. Rc3 Rf2 38. Ka1 c4 39. g5 Rg2 40. f4 Ke4 41. Rxc4+ Kf5 42. Ra4 Rg1+ 43. Ka2 Rg2 44. Rc4 Rg4 45. Ra4 Rg3 46. Rxa5+ Kxf4 47. Rb5 Rg1 48. Rb3 Kxg5 49. a4 Rd1 50. a5 Rd6 51. Ra3 Kf6 52. a6 Rd8 53. a7 Ra8 54. b4 Ke6 55. b5 Kd6 56. Kb3 Kc7 57. Kc4 Kb7 58. Kc5 Rxa7 59. Rxa7+ Kxa7 60. Kc6 Kb8 61. Kb6 Kc8 62. Ka7 Kc7 63. b6+ Kc8 64. b7+ Kc7 65. b8Q+ Kc6 66. Qe5 Kd7 67. Qf6 Kc7 68. Qe5+ Kd7 69. Qf6 Kc7 70. Ka6 Kd7 71. Kb5 Kc7 72. Qe6 Kb7 73. Qd6 Kc8 74. Qe7 Kb8 75. Kb6 Kc8 76. Qc7# 1-0

[Event "Liptovsky Mikulas V4 U11 op"]
[Site "Liptovsky Mikulas"]
[Date "2017.06.24"]
[Round "7"]
[White "Kusy, Adam"]
[Black "Zemek, Antonin"]
[Result "0-1"]
[WhiteElo "1061"]
[BlackElo "1118"]
[PlyCount "90"]
[EventDate "2017.06.22"]
[EventType "swiss"]
[EventRounds "9"]
[EventCountry "SVK"]
[SourceTitle "CBM 179 Extra"]
[Source "ChessBase"]
[SourceDate "2017.08.23"]
[SourceVersion "1"]
[SourceVersionDate "2017.08.23"]
[SourceQuality "1"]

1. e4 e5 2. d4 f5 3. exf5 e4 4. Nc3 Nf6 5. Bg5 d5 6. f3 Bxf5 7. fxe4 dxe4 8. h3 Nc6 9. g4 h6 10. Bxf6 gxf6 11. gxf5 Qxd4 12. Qxd4 Nxd4 13. Rc1 0-0-0 14. Nxe4 Nxf5 15. Nxf6 Bg7 16. Ng4 Bxb2 17. Rb1 Bc3+ 18. Kf2 Bd4+ 19. Ke1 Bc3+ 20. Kf2 Bd4+ 21. Kg2 Nh4+ 22. Kg3 Nf5+ 23. Kh2 h5 24. Bd3 hxg4 25. Bxf5+ Kb8 26. Bxg4 Be5+ 27. Kg2 Rd2+ 28. Kf1 Rf8+ 29. Ke1 Rxc2 30. Nf3 Bg3+ 31. Kf1 Rxa2 32. Rg1 Rf2+ 33. Ke1 R2xf3+ 34. Kd1 Rd3+ 35. Ke2 Rfd8 36. Rb2 Bf4 37. Rgb1 Rd2+ 38. Rxd2 Rxd2+ 39. Kf3 Bg5 40. Re1 b6 41. Kg3 c5 42. Re5 Bd8 43. Re8 Kc7 44. h4 Rd3+ 45. Kf4 Bxh4 0-1